[Event "Barcelona Sant Marti op 04th"]
[Site "Barcelona"]
[Date "2002.04.20"]
[Round "3.39"]
[White "Viequer Esparza, Andrea"]
[Black "Beltran Lopez, Fernando"]
[Result "0-1"]
[WhiteElo "1700"]
[BlackElo "1840"]
[PlyCount "92"]
[EventDate "2002.04.06"]
[EventType "swiss"]
[EventRounds "9"]
[EventCountry "ESP"]
[SourceTitle "EXT 2003"]
[Source "ChessBase"]
[SourceDate "2002.11.25"]
[SourceVersion "1"]
[SourceVersionDate "2002.11.25"]
[SourceQuality "1"]

1. e4 Nc6 2. Nf3 d6 3. d4 Bg4 4. Nc3 g6 5. h3 Bxf3 6. Qxf3 Nxd4 7. Qd3 Bg7 8. Bf4 c5 9. Qd2 Qa5 10. Qd3 Nf6 11. 0-0-0 Nd7 12. Nb5 Nxb5 13. Qxb5 Qxb5 14. Bxb5 0-0-0 15. Rd3 a6 16. Ba4 b5 17. Bxb5 axb5 18. Ra3 Kb7 19. Rd1 Ra8 20. Rb3 Rxa2 21. Rxb5+ Kc6 22. Rb3 Ra1+ 23. Kd2 Rxd1+ 24. Kxd1 Rb8 25. Rxb8 Nxb8 26. g4 Bxb2 27. Bg5 e6 28. Bf4 f5 29. gxf5 gxf5 30. exf5 exf5 31. c4 Nd7 32. Ke2 Ne5 33. Bxe5 Bxe5 34. Kf3 d5 35. cxd5+ Kxd5 36. Ke3 Kc4 37. f4 Bd4+ 38. Kd2 Kb3 39. Kd3 Bg1 40. h4 c4+ 41. Kd2 Kb2 42. Kd1 c3 43. h5 c2+ 44. Kd2 c1Q+ 45. Kd3 Kb3 46. h6 Qe3# 0-1